Les 14 pays les plus heureux du monde - Statistiques

Statistiques générales
  • Ce quiz a été pris 66 fois
    50 depuis la dernière actualisation
  • Le résultat moyen est 9 sur 14
Statistiques - réponses
top Réponse des pays % Correct
top 7 Norvège
93%
top 1 Finlande
88%
top 4 Suède
85%
top 9 Suisse
78%
top 2 Danemark
76%
top 3 Islande
73%
top 14 Canada
68%
top 10 Australie
63%
top 5 Pays-bas
61%
top 8 Luxembourg
56%
top 11 Nouvelle Zélande
49%
top 13 Autriche
44%
top 6 Costa Rica
12%
top 12 Koweït
5%
Aucun quiz correspondant
Distribution des résultats
% des personnes avec chaque résultat
Percentile par nombre de réponses
Votre historique - résultats
Vous n’avez pas pris ce quiz depuis la dernière actualisation